[Event "Olympiad Women-44"]
[Site "Chennai"]
[Date "2022.08.08"]
[Round "10.2"]
[White "Johnson, Daijah"]
[Black "Nema, Rabab Ahmed"]
[Result "0-1"]
[WhiteElo "1480"]
[BlackElo "1172"]
[PlyCount "50"]
[EventDate "2022.07.29"]
[EventType "team-swiss"]
[EventRounds "11"]
[EventCountry "IND"]
[SourceTitle "CBM 210"]
[Source "ChessBase"]
[SourceDate "2022.10.31"]
[SourceVersion "1"]
[SourceVersionDate "2022.10.31"]
[SourceQuality "1"]
[WhiteTeam "Bahamas (W)"]
[BlackTeam "Kuwait (W)"]
[WhiteTeamCountry "BAH"]
[BlackTeamCountry "KUW"]

1. d4 Nf6 2. c4 g6 3. Nc3 Bg7 4. e4 d6 5. h3 0-0 6. Nf3 Nbd7 7. Bd3 e5 8. d5 a5 9. Be3 Nc5 10. Bxc5 dxc5 11. Nxe5 Nxe4 12. Bxe4 Bxe5 13. 0-0 Qg5 14. Qf3 f5 15. Bc2 Bd7 16. Rfe1 Rae8 17. Ba4 Bxc3 18. Rxe8 Bxe8 19. Bxe8 Bxb2 20. Rb1 Rxe8 21. Rxb2 Qc1+ 22. Kh2 Qxb2 23. Qb3 Qxb3 24. axb3 Re2 25. Kg3 Rb2 0-1

[Event "Olympiad Women-43"]
[Site "Batumi"]
[Date "2018.09.28"]
[Round "5.54"]
[White "Perez Rodriguez, Jennifer"]
[Black "Johnson, Daijah"]
[Result "1-0"]
[WhiteElo "2159"]
[BlackElo "1452"]
[PlyCount "81"]
[EventDate "2018.09.24"]
[EventType "team-swiss"]
[EventRounds "11"]
[EventCountry "GEO"]
[SourceTitle "EXT 2020"]
[Source "ChessBase"]
[SourceDate "2019.10.17"]
[SourceVersion "1"]
[SourceVersionDate "2019.10.17"]
[SourceQuality "1"]
[WhiteTeam "Paraguay (W)"]
[BlackTeam "Bahamas (W)"]
[WhiteTeamCountry "PAR"]
[BlackTeamCountry "BAH"]

1. e4 c5 2. c3 e6 3. d4 d5 4. exd5 exd5 5. Nf3 Nc6 6. Bb5 Nf6 7. 0-0 h6 8. Re1+ Be6 9. Nbd2 c4 10. b3 cxb3 11. axb3 Be7 12. Ne5 Qc7 13. Ng6 fxg6 14. Rxe6 Kf7 15. Re1 a6 16. Bd3 g5 17. Nf3 Bd6 18. g3 Rae8 19. Be3 Rhf8 20. Kg2 g6 21. Qc2 Ne7 22. c4 Qb8 23. Bd2 Kg7 24. Re6 g4 25. Nh4 g5 26. Nf5+ Nxf5 27. Bxf5 Rxe6 28. Bxe6 dxc4 29. bxc4 b6 30. Kg1 a5 31. c5 Be7 32. Rb1 Qb7 33. Rxb6 Qf3 34. Rb3 Qe4 35. Qxe4 Nxe4 36. Be3 h5 37. c6 a4 38. Rb7 Kf6 39. d5 Nd6 40. Bd4+ Kg6 41. Rxe7 1-0

[Event "Olympiad Women-43"]
[Site "Batumi"]
[Date "2018.09.24"]
[Round "1.63"]
[White "Thorsteinsdottir, Gudlaug"]
[Black "Johnson, Daijah"]
[Result "1-0"]
[WhiteElo "1981"]
[BlackElo "1452"]
[PlyCount "67"]
[EventDate "2018.09.24"]
[EventType "team-swiss"]
[EventRounds "11"]
[EventCountry "GEO"]
[SourceTitle "EXT 2020"]
[Source "ChessBase"]
[SourceDate "2019.10.17"]
[SourceVersion "1"]
[SourceVersionDate "2019.10.17"]
[SourceQuality "1"]
[WhiteTeam "Iceland (W)"]
[BlackTeam "Bahamas (W)"]
[WhiteTeamCountry "ISL"]
[BlackTeamCountry "BAH"]

1. d4 Nf6 2. c4 g6 3. Nc3 Bg7 4. e4 d6 5. Be2 0-0 6. Bg5 Nbd7 7. Qd2 b6 8. 0-0-0 Bb7 9. f3 Rc8 10. g4 e5 11. d5 a6 12. Kb1 c6 13. dxc6 Rxc6 14. h4 Nc5 15. h5 Re8 16. hxg6 fxg6 17. Nd5 Ne6 18. Bh6 Rc8 19. Bxg7 Nxg7 20. Nxf6+ Qxf6 21. Qh6 Kf7 22. Qe3 Rb8 23. Rxh7 Kg8 24. Qh6 Ne6 25. Rxd6 Re7 26. Rxe7 Qxe7 27. Qxg6+ Ng7 28. Nh3 Rd8 29. Rxd8+ Qxd8 30. Ng5 Qe8 31. Qh7+ Kf8 32. Qh8+ Ke7 33. Qxg7+ Kd8 34. Qxb7 1-0